Starship First Lines Quiz Stats

Quiz not verified by Sporcle

Also try: Seven Dirty Words
Challenge
Share
Tweet
Embed
Score 0/18 Timer 05:00
0 Plays Today
Quote Character % Correct
'Please state a command for me to service you.'Mega-girl
91.3%
'Alright people, you heard it! This is a rescue mission!'Taz
89.7%
'MMM, my decision - nourishment!'Overqueen
88.9%
'BUG! Bug? Bug...? Are you in here?'Roach
85.6%
'Woah, hey there gang, thank Dead God I caught you before drop down!'Junior
84.9%
'Wooooooooow. Excuse me little girl, I'm new, and I was just wondering, what's this?'Tootsy Noodles
81.3%
'Ugh, ugh, Hey Bug!'Bugette
81%
'Woah! Hey, Taz, you're pretty tough for a chick!'Krayonder
75%
'Yeah! Captains Log, Hit the meteor shower K90X!'Bug
72.8%
Quote Character % Correct
'Alright boys and girls.'Up
72.6%
'Yes Lieutenant?'Specs
70.4%
'YO!'Sweetheart
68.3%
'Mission log, ******************** of the Galactic League Starship Ranger Corp.'February
66.3%
'That's right, the mosquito brothers!'Veeto
65.1%
'Do my eyes deceive me?!'Pincer
58.7%
'Hey, you maggots, what's the rush?'Neato
53.8%
'Yes, yes, yes, all bugs shall rise and keep buzzing to a minimum for the hounorable, the beautiful and the terrible overqueen!'Caller Bug
52.4%
'Mammals! We've got mammals, coming through!'Mr. Bug
50.5%

You're not logged in!

Compare scores with friends on all Sporcle quizzes.
Sign Up with Email
OR
Log In

You Might Also Like...

Show Comments

Extras

Top Quizzes Today


Score Distribution

Your Account Isn't Verified!

In order to create a playlist on Sporcle, you need to verify the email address you used during registration. Go to your Sporcle Settings to finish the process.